| 000 -LEADER |
| fixed length control field |
00636nam a22002297a 4500 |
| 001 - CONTROL NUMBER |
| control field |
12784 |
| 003 - CONTROL NUMBER IDENTIFIER |
| control field |
BD-DhUAP |
| 005 - DATE AND TIME OF LATEST TRANSACTION |
| control field |
20200216101543.0 |
| 008 - FIXED-LENGTH DATA ELEMENTS--GENERAL INFORMATION |
| fixed length control field |
200216s2009 ii ||||| |||| 00| 0 eng d |
| 020 ## - INTERNATIONAL STANDARD BOOK NUMBER |
| International Standard Book Number |
8170126177 |
| 040 ## - CATALOGING SOURCE |
| Original cataloging agency |
BD-DhUAP |
| Language of cataloging |
Eng |
| Transcribing agency |
BD-DhUAP |
| Modifying agency |
BD-DhUAP |
| 082 ## - DEWEY DECIMAL CLASSIFICATION NUMBER |
| Edition number |
23 |
| Classification number |
347.5405 THA |
| 100 ## - MAIN ENTRY--PERSONAL NAME |
| Personal name |
Thakker, C.K. |
| 245 ## - TITLE STATEMENT |
| Title |
Civil procedure / |
| Statement of responsibility, etc. |
C.K Thakker ; assiated by M.C. Thakker. |
| 250 ## - EDITION STATEMENT |
| Edition statement |
6th ed. |
| 260 ## - PUBLICATION, DISTRIBUTION, ETC. |
| Place of publication, distribution, etc. |
Lucknow : |
| Name of publisher, distributor, etc. |
Eastern book co., |
| Date of publication, distribution, etc. |
c2009. |
| 300 ## - PHYSICAL DESCRIPTION |
| Extent |
xcvi, 792 pages ; |
| Dimensions |
22 cm. |
| 500 ## - GENERAL NOTE |
| General note |
Includes index. |
| 650 ## - SUBJECT ADDED ENTRY--TOPICAL TERM |
| Topical term or geographic name entry element |
Civil procedure |
| Geographic subdivision |
India. |
| 700 ## - ADDED ENTRY--PERSONAL NAME |
| Personal name |
Thakker, M.C. |
| 942 ## - ADDED ENTRY ELEMENTS (KOHA) |
| Source of classification or shelving scheme |
|
| Koha item type |
Book |